000 00489nam a2200169 i 4500
001 35882
003 ES-MaACL
005 20230906155233.0
007 t|
008 030214s1968 sp ||||1| spa d
100 1 _aBrocher, Tobías.
_931831
245 1 3 _aEl yo y los otros en la familia y la sociedad /
_cTobías Brocher ; [tradujo Diorki].
260 _aSalamanca :
_bSígueme,
_c1968.
300 _a162 p. ;
_c19 cm.
710 2 _aDiorki.
_93392
852 _aES-MaACL
_jB-8520
_bR.65717
999 _c35882
_d35882